LEADER 01069nam 2200337z- 450 001 9910693992103321 005 20260205081401.0 035 $a(CKB)3710000000733896 035 $a(WsH)enactlw 035 $a(WsH)enclpslep 035 $a(IL-JeEL)993710000000733896 035 $a(EXLCZ)993710000000733896 100 $a20240129c1979uuuu |u| | 101 0 $aeng 135 $aurcn#nnn||||| 181 $ctxt$2rdacontent 182 $cc$2rdamedia 183 $acr$2rdacarrier 200 10$aEnactment of a law$eprocedural steps in the legislative process/$fFloyd M. Riddick 210 1$aWashington, D.C.:$cU. S. Government Printing Office,$d1967. 215 $a1 online resource 320 $aIncludes bibliographical references (pages) and index. 606 $aLegislation$zUnited States 606 $aExecutive-legislative relations 615 0$aLegislation 615 0$aExecutive-legislative relations. 700 $aRiddick$b Floyd M.$0303473 906 $aBOOK 912 $a9910693992103321 996 $aEnactment of a law$94533513 997 $aUNINA